000 01161nam a2200301Ia 4500
001 34509
003 IT-RoPAU
008 130308s9999 xx 000 0 und d
040 _aIT-RoPAU
040 _cIT-RoPAU
041 _aFRANCESE
100 _aGreimas Algirdas Julien
100 _gCodice Aut. SPICS: 5822
245 _aConditions d'une semiotique du monde naturel
245 _bLangages-Pratiques et Langages Gestuels
250 _a1a ed.
260 _aPARIS
260 _bDidier/Larousse
260 _c1968 [1° Ed.:1968 - Ed.Ling.Originale:1968]
300 _a"33 p. (prefazione: no ; testo: 33 [pagine: 3-35])"
500 _aCondizioni di una Semiotica del Mondo Naturale Mondo Naturale e significazione Segni Naturali e figure Gastualità Naturale e Culturale Mobilità e Motricità Gesto Naturale e Culturale Unità Gestuali Prassi gestuale Senso Enunciazione Gestualità Pratica e Mitica Comunicazione gestuale Gestualità Modale Attributiva mimetica Modale Ludica semiosi Gestuale
650 _aCOMUNICAZIONE NON VERBALE
650 _eCodice materia Spics: 8100
942 _cBK
957 _71
999 _c60972
_d60972
999 _bSI
999 _g1